header

Communication and mental illness (Record no. 701)

MARC details
000 -LEADER
fixed length control field 01372nam a2200349 a 4500
082 04 - DEWEY DECIMAL CLASSIFICATION NUMBER
Classification number 616.8550019
245 00 - TITLE STATEMENT
Title Communication and mental illness
260 ## - PUBLICATION, DISTRIBUTION, ETC. (IMPRINT)
Place of publication London :
Name of publisher Jessica Kingsley Publishers,
Year of publication c2001.
300 ## - PHYSICAL DESCRIPTION
Number of Pages 478 p. :
Other physical details ill.
650 #0 - SUBJECT ADDED ENTRY--TOPICAL TERM
Topical Term Mentally ill
Topical Term Language disorders
Topical Term Speech disorders
700 1# - ADDED ENTRY--PERSONAL NAME
Personal name France, Jenny.
Personal name Kramer, Sarah,
856 40 - ELECTRONIC LOCATION AND ACCESS
Uniform Resource Identifier http://site.ebrary.com/lib/rucke/Doc?id=5004018

No items available.

© 2026 Rongo University
Contact us: librarian | system librarian | Rongo university